| 000 | 00527nam a22001697a 4500 | ||
|---|---|---|---|
| 003 | OSt | ||
| 005 | 20260127154623.0 | ||
| 008 | 260127b |||||||| |||| 00| 0 eng d | ||
| 040 | _cMRSPTU | ||
| 041 | _aEnglish | ||
| 100 | _aSunita Kotwal, Supervisor: Dr. Sanjiv Aggarawal | ||
| 245 | _aDesign & Fabrication of Prestressed Concrete Railway Sleepers | ||
| 260 |
_bDepartment of Civil Engg. MRSPTU, Bathinda _c2010 |
||
| 650 | _aEnglish | ||
| 856 | _uhttp://163.47.215.52:8080/jspui/handle/123456789/972 | ||
| 942 |
_2ddc _cTH _n0 |
||
| 999 |
_c10762 _d10762 |
||